[Event "POLFINALY MISTRZOSTW POLSKI JUNIOROW 2021 C-17"]
[Site "Jatrzebia Gora"]
[Date "1899-12-30"]
[Round "1.1"]
[White "Topola, Rafal"]
[Black "Ullrich, Karol"]
[Result "1/2-1/2"]
[WhiteTitle "I"]
[BlackTitle "II+"]
[WhiteElo "1961"]
[BlackElo "1605"]

1. e4 c6 2. d4 d5 3. Nc3 dxe4 4. Nxe4 Nf6 5. Nxf6+ exf6 6. c3 Bf5 7. Ne2 Bd6 8.
Ng3 Bg6 9. Qe2+ Qe7 10. Qxe7+ Kxe7 11. f4 Re8 12. Be2 Kf8 13. O-O h6 14. Bd2 Be4
15. Nxe4 Rxe4 16. Bd3 Re8 17. Rfe1 Nd7 18. c4 g6 19. g3 f5 20. Kf2 Nf6 21. Kf3
Re6 22. Bc3 Rae8 23. Rxe6 fxe6 24. a4 Kf7 25. c5 Be7 26. a5 a6 27. Ra3 Rd8 28.
Rb3 Rd7 29. Bc2 Nd5 30. Ke2 Bd8 31. Be1 Bf6 32. Bf2 g5 33. fxg5 hxg5 34. Bd3 Ne7
35. Bc4 Nd5 36. Bxd5 exd5 37. h4 Kg6 38. hxg5 Kxg5 39. Kf3 Rh7 40. Be3+ Kg6 41.
Kg2 Bd8 42. Bd2 Re7 43. Kf3 Kf6 44. Ra3 Bc7 45. Bf4 Bxf4 46. gxf4 Kg6 47. Rb3
Kh5 48. Kg3 Rg7+ 49. Kh3 Re7 50. Rg3 Re4 51. Rg7 Re3+ 52. Rg3 Re2 1/2-1/2

[Event "POLFINALY MISTRZOSTW POLSKI JUNIOROW 2021 C-17"]
[Site "Jatrzebia Gora"]
[Date "1899-12-30"]
[Round "1.2"]
[White "Kopestynski, Michal"]
[Black "Wysocki, Mateusz"]
[Result "0-1"]
[WhiteTitle "I"]
[BlackTitle "I+"]
[WhiteElo "1604"]
[BlackElo "1955"]

1. e4 c5 2. Nc3 e6 3. f4 Nc6 4. Nf3 a6 5. a4 g6 6. Bc4 Bg7 7. O-O Nge7 8. d3 O-O
9. Qe1 d5 10. exd5 exd5 11. Ba2 Nd4 12. Nxd4 Bxd4+ 13. Kh1 Be6 14. Ne2 Bg7 15.
c3 Qd7 16. Bd2 Rfe8 17. Qf2 Rac8 18. d4 c4 19. Bb1 Rc6 20. Bc2 Bf5 21. Bxf5 Nxf5
22. Ng1 Rb6 23. Bc1 Nd6 24. Qc2 Ne4 25. Nf3 f6 26. Nd2 Qg4 27. Nf3 Rbe6 28. b3
Nd6 29. Ra2 Bf8 30. bxc4 Nxc4 31. Qf2 Bd6 32. g3 Bc7 33. Kg2 Qf5 34. Re1 Qd3 35.
Rxe6 Rxe6 36. Qc2 Qxc2+ 37. Rxc2 Ba5 38. Kf2 Kf7 39. h3 Rc6 40. Nd2 Nd6 41. Bb2
b5 42. axb5 axb5 43. Kf3 b4 44. Nb3 bxc3 45. Nxa5 cxb2 46. Rxb2 Rc3+ 0-1

[Event "POLFINALY MISTRZOSTW POLSKI JUNIOROW 2021 C-17"]
[Site "Jatrzebia Gora"]
[Date "1899-12-30"]
[Round "1.3"]
[White "Kitewski, Bartosz"]
[Black "Jozefik, Aleksander"]
[Result "0-1"]
[WhiteTitle "I+"]
[BlackTitle "I"]
[WhiteElo "1946"]
[BlackElo "1601"]

1. d4 Nf6 2. Nf3 e6 3. c4 b6 4. Nc3 Bb4 5. e3 O-O 6. Bd3 Bb7 7. O-O d5 8. cxd5
exd5 9. Qc2 Re8 10. Ne5 Bxc3 11. bxc3 Nbd7 12. f4 c5 13. Bd2 Ne4 14. Bb5 Nxe5
15. Bxe8 Nc4 16. Bxf7+ Kxf7 17. Bc1 Qe7 18. Re1 Rc8 19. Qd3 Rc6 20. Rf1 Rh6 21.
Qc2 Qh4 22. g3 Nxg3 23. Rf3 Ne4 24. Bb2 Qg4+ 0-1

[Event "POLFINALY MISTRZOSTW POLSKI JUNIOROW 2021 C-17"]
[Site "Jatrzebia Gora"]
[Date "1899-12-30"]
[Round "1.4"]
[White "Szafranski, Maciej"]
[Black "Majdanski, Maksymilian"]
[Result "1/2-1/2"]
[WhiteTitle "II+"]
[BlackTitle "I++"]
[WhiteElo "1596"]
[BlackElo "1914"]

1. c4 e5 2. d3 Nc6 3. Nf3 Nf6 4. Nc3 Bb4 5. Bd2 d6 6. g3 O-O 7. Bg2 Re8 8. O-O
Bxc3 9. Bxc3 e4 10. Nd4 Ne5 11. Nc2 exd3 12. exd3 Bg4 13. f3 Bh5 14. b3 Qd7 15.
Qd2 Bg6 16. d4 Nc6 17. d5 Ne5 18. f4 Neg4 19. Bxf6 Nxf6 20. Nd4 Be4 21. Rae1 Bxg2
22. Kxg2 a6 23. Rf3 Rxe1 24. Qxe1 Re8 25. Re3 Kf8 26. a4 Rxe3 27. Qxe3 Qe8 28.
Qxe8+ Kxe8 29. Kf3 Nd7 30. g4 Ke7 31. h4 1/2-1/2

[Event "POLFINALY MISTRZOSTW POLSKI JUNIOROW 2021 C-17"]
[Site "Jatrzebia Gora"]
[Date "1899-12-30"]
[Round "1.5"]
[White "Stachecki, Mikolaj"]
[Black "Werner, Kacper"]
[Result "1-0"]
[WhiteTitle "I+"]
[BlackTitle "II+"]
[WhiteElo "1899"]
[BlackElo "1589"]

1. e4 c5 2. Nf3 d6 3. d4 cxd4 4. Nxd4 Nf6 5. Nc3 a6 6. Be3 e6 7. Be2 Be7 8. O-O
O-O 9. a4 Nc6 10. f4 Qc7 11. Kh1 Rb8 12. Bf3 Nxd4 13. Qxd4 b6 14. Qd3 Rd8 15.
Rad1 Bb7 16. f5 d5 17. exd5 Nxd5 18. fxe6 fxe6 19. Nxd5 Bxd5 20. Bxd5 exd5 21.
Bf4 Qc4 22. Bxb8 Rxb8 23. Qxd5+ Qxd5 24. Rxd5 Rc8 25. c3 Rc4 26. Rd4 Rc7 27. g3
h6 28. Kg2 Bc5 29. Rd8+ Kh7 30. b4 Be7 31. Rd3 Kg6 32. Re1 Kf7 33. a5 bxa5 34.
bxa5 Rc5 35. Rd7 1-0

[Event "POLFINALY MISTRZOSTW POLSKI JUNIOROW 2021 C-17"]
[Site "Jatrzebia Gora"]
[Date "1899-12-30"]
[Round "1.6"]
[White "Zielinski, Sebastian"]
[Black "Zabron, Maksym"]
[Result "0-1"]
[WhiteTitle "II+"]
[BlackTitle "I++"]
[WhiteElo "1579"]
[BlackElo "1896"]

1. e4 c5 2. Nf3 e6 3. c4 Nc6 4. Nc3 Nf6 5. Be2 d5 6. exd5 exd5 7. d4 Be6 8. cxd5
Nxd5 9. dxc5 Nxc3 10. Qxd8+ Rxd8 11. bxc3 Bxc5 12. Rb1 Rd7 13. a4 O-O 14. O-O
Bd5 15. Rd1 Rfd8 16. Bf4 a6 17. h4 Kf8 18. Rxd5 Rxd5 19. Rxb7 Bd6 20. Bxd6+ R5xd6
21. Bxa6 Na5 22. Ra7 Rd1+ 23. Kh2 R1d7 24. Rxd7 Rxd7 25. Nd4 Rc7 26. Ne2 Nc4 27.
g3 Nb2 28. Bb5 Nd1 29. Kg2 Nxc3 30. Nxc3 Rxc3 31. g4 Ke7 32. f3 h6 33. Kg3 Kf6
34. Kf4 Ke6 35. g5 hxg5+ 36. hxg5 Rc5 37. Bd3 Kd5 38. Bb5 Kd4 39. Be8 Rc7 40.
g6 f6 41. Bb5 Rc5 42. Bf1 Rg5 43. Bh3 Rxg6 44. a5 Rg1 45. a6 Ra1 46. Bc8 Ra5 47.
Bb7 g5+ 48. Kg4 Ke3 49. Kh5 Kf4 50. Kg6 f5 51. Kf6 g4 52. fxg4 fxg4 53. Ke6 g3
54. Kd7 Rxa6 0-1

[Event "POLFINALY MISTRZOSTW POLSKI JUNIOROW 2021 C-17"]
[Site "Jatrzebia Gora"]
[Date "1899-12-30"]
[Round "1.7"]
[White "Ciborowski, Konrad Jr"]
[Black "Labedz, Dawid"]
[Result "0-1"]
[WhiteTitle "I++"]
[BlackTitle "II+"]
[WhiteElo "1871"]
[BlackElo "1542"]

1. d4 Nf6 2. Nc3 d5 3. Bf4 Bf5 4. e3 e6 5. f3 a6 6. g4 Bg6 7. h4 h6 8. h5 Bh7 9.
Qd2 Nc6 10. Nge2 Bd6 11. a3 Qd7 12. Rg1 O-O-O 13. O-O-O e5 14. Bg3 Rhe8 15. dxe5
Bxe5 16. Bh4 d4 17. Bh3 dxc3 18. Qxd7+ Nxd7 19. Bxd8 cxb2+ 20. Kb1 Nxd8 21. g5
Ne6 22. g6 Bg8 23. Nf4 fxg6 24. Rxg6 Bf6 25. Nd5 Be5 26. f4 Bd6 27. f5 Ng5 28.
Bg2 Be5 29. f6 Nxf6 30. Nf4 Nfe4 31. Bxe4 Nxe4 32. Ne2 Ng5 0-1

[Event "POLFINALY MISTRZOSTW POLSKI JUNIOROW 2021 C-17"]
[Site "Jatrzebia Gora"]
[Date "1899-12-30"]
[Round "1.8"]
[White "Nowak, Maciej"]
[Black "Kietrys, Maciej"]
[Result "1/2-1/2"]
[WhiteTitle "II"]
[BlackTitle "I"]
[WhiteElo "1537"]
[BlackElo "1860"]

1. d4 d5 2. c4 e6 3. Nc3 Nf6 4. cxd5 exd5 5. Bg5 Be7 6. e3 c6 7. Bd3 Nbd7 8. Qc2
h6 9. Bh4 O-O 10. Nf3 Re8 11. Nd2 a6 12. O-O Qc7 13. Rab1 Bd6 14. Nf3 Ng4 15.
Bg3 Bxg3 16. hxg3 Ndf6 17. b4 Qe7 18. a4 Ne4 19. Nd1 Bd7 20. Qe2 Qd6 21. Bxe4
dxe4 22. Nd2 Qg6 23. f3 exf3 24. gxf3 Nxe3 25. Nxe3 Rxe3 26. Qxe3 Qxg3+ 27. Kh1
Qh3+ 28. Kg1 Qg3+ 29. Kh1 Qh3+ 30. Kg1 Qg3+ 31. Kh1 1/2-1/2

[Event "POLFINALY MISTRZOSTW POLSKI JUNIOROW 2021 C-17"]
[Site "Jatrzebia Gora"]
[Date "1899-12-30"]
[Round "1.9"]
[White "Bartlomowicz, Jakub"]
[Black "Celebias, Filip"]
[Result "1/2-1/2"]
[WhiteTitle "I"]
[BlackTitle "II+"]
[WhiteElo "1842"]
[BlackElo "1534"]

1. e4 c5 2. Nf3 e6 3. d4 cxd4 4. Nxd4 Nc6 5. Nc3 Qc7 6. Be2 a6 7. O-O Nf6 8. Be3
Nxd4 9. Qxd4 e5 10. Nd5 Nxd5 11. Qxd5 d6 12. c4 Be6 13. Qd3 Be7 14. f4 Rc8 15.
b3 exf4 16. Bxf4 Bf6 17. Rad1 Be5 18. Qg3 O-O 19. Bg4 b5 20. Bxe5 dxe5 21. Bxe6
fxe6 22. cxb5 Qc5+ 23. Kh1 Qxb5 24. Rxf8+ Rxf8 25. h3 Rf4 26. Qg5 Rf6 27. Rd8+
Kf7 28. Kh2 Rg6 29. Qd2 Rf6 30. Qd7+ Kg6 31. Qxb5 axb5 32. Rb8 Rf2 33. Rxb5 Rxa2
34. Rxe5 Kf6 35. Rb5 Re2 36. e5+ Rxe5 37. Rxe5 Kxe5 38. Kg3 Kd4 39. b4 e5 40.
Kf2 e4 41. b5 Kc5 42. Ke3 Kxb5 43. Kxe4 Kc6 44. Ke5 Kd7 45. g4 Ke7 46. h4 Kd7
47. h5 h6 48. Kf5 Ke7 49. Kg6 Kf8 1/2-1/2

[Event "POLFINALY MISTRZOSTW POLSKI JUNIOROW 2021 C-17"]
[Site "Jatrzebia Gora"]
[Date "1899-12-30"]
[Round "1.10"]
[White "Smuda, Tomasz"]
[Black "Strepikowski, Pawel"]
[Result "0-1"]
[WhiteTitle "I"]
[BlackTitle "I"]
[WhiteElo "1529"]
[BlackElo "1841"]

1. e4 d6 2. d4 Nf6 3. Nc3 g6 4. Bg5 Bg7 5. e5 Nfd7 6. exd6 cxd6 7. Nf3 Nf6 8. Be2
O-O 9. Qd2 a6 10. Bh6 b5 11. Bxg7 Kxg7 12. a3 Nbd7 13. h4 h5 14. Ng5 Bb7 15. d5
Nb6 16. Bf3 Nc4 17. Qd4 Ne5 18. Be2 Qd7 19. O-O-O Rac8 20. f3 Rc5 21. Nge4 Nxe4
22. Qxe4 f5 23. Qd4 Kh7 24. Rdg1 f4 25. b4 Rcc8 26. Ne4 Qf5 27. g4 fxg3 28. Rxg3
e6 29. Rg5 Qf4+ 30. Kb1 exd5 31. Qb6 Rf7 32. Rxe5 dxe4 33. Rg5 Qd2 34. Bd1 exf3
35. Rf1 Be4 36. Qg1 Bxc2+ 37. Ka1 Qc3+ 0-1

[Event "POLFINALY MISTRZOSTW POLSKI JUNIOROW 2021 C-17"]
[Site "Jatrzebia Gora"]
[Date "1899-12-30"]
[Round "1.11"]
[White "Kalkowski, Igor"]
[Black "Mocko, Maciej"]
[Result "1-0"]
[WhiteTitle "I+"]
[BlackTitle "II"]
[WhiteElo "1839"]
[BlackElo "1527"]

1. e4 e5 2. Nc3 Nc6 3. Bc4 Bc5 4. Qg4 g6 5. Qg3 d6 6. Nge2 Be6 7. Nd5 Nf6 8. d3
Bxd5 9. exd5 Nb4 10. Bb3 Nh5 11. Qh3 Qd7 12. Qh4 a5 13. a3 Na6 14. g4 a4 15. Ba2
Ng7 16. Qf6 O-O 17. Bh6 Ne8 18. Qh4 Ng7 19. Ng3 f5 20. Bxg7 Kxg7 21. gxf5 gxf5
22. Rg1 Kh8 23. Nh5 Rf7 24. O-O-O b5 25. d4 exd4 26. Nf4 Rg7 27. Ng6+ Kg8 28.
Ne7+ Kf7 29. Rxg7+ Kxg7 30. Rg1+ Kf7 31. Qxh7+ Kf6 32. Qg7# 1-0

[Event "POLFINALY MISTRZOSTW POLSKI JUNIOROW 2021 C-17"]
[Site "Jatrzebia Gora"]
[Date "1899-12-30"]
[Round "1.12"]
[White "Bednarczyk, Mateusz"]
[Black "Kaliszuk, Kamil"]
[Result "1/2-1/2"]
[WhiteTitle "I"]
[BlackTitle "I+"]
[WhiteElo "1525"]
[BlackElo "1830"]

1. e4 c6 2. d4 d5 3. Nc3 dxe4 4. Nxe4 Nf6 5. Nxf6+ exf6 6. Bc4 Be7 7. c3 O-O 8.
Ne2 Bg4 9. O-O Bd6 10. Be3 Qc7 11. h3 Bh5 12. Qd2 Re8 13. Nf4 Bg6 14. Nxg6 hxg6
15. Rfe1 Nd7 16. Bb3 Rad8 17. Rad1 Nf8 18. Qc2 f5 19. Bg5 Rc8 20. Qc1 Nh7 21.
Bd2 Nf6 22. Rxe8+ Rxe8 23. Re1 Rc8 24. Bc2 f4 25. c4 f3 26. c5 Bh2+ 27. Kh1 fxg2+
28. Kxg2 Nd5 29. Bb3 Nf4+ 30. Bxf4 Bxf4 31. Qc4 Rd8 32. Re4 Bg5 33. Rg4 Bf6 34.
a4 Qd7 35. Rxg6 Qe7 36. Rg4 1/2-1/2

[Event "POLFINALY MISTRZOSTW POLSKI JUNIOROW 2021 C-17"]
[Site "Jatrzebia Gora"]
[Date "1899-12-30"]
[Round "1.13"]
[White "Haliniak, Wojciech"]
[Black "Sawicki, Wojciech"]
[Result "1-0"]
[WhiteTitle "I"]
[BlackTitle "II"]
[WhiteElo "1827"]
[BlackElo "1505"]

1. e4 c6 2. c4 d5 3. cxd5 cxd5 4. exd5 Nf6 5. Bb5+ Bd7 6. Bc4 b5 7. Bb3 a5 8. a3
Na6 9. Nf3 Nc7 10. d6 exd6 11. O-O Be7 12. d3 O-O 13. Nd4 d5 14. Nd2 Bd6 15. h3
Na6 16. N2f3 h6 17. Nh4 Nc5 18. Ba2 b4 19. Qf3 Be5 20. Ndf5 d4 21. Bc4 Rc8 22.
axb4 axb4 23. Bd2 Bc6 24. Nxh6+ gxh6 25. Qf5 Nh7 26. Ng6 Qf6 27. Qxf6 Bxf6 28.
Bxb4 Rfe8 29. Bxc5 Bxg2 30. Kxg2 Rxc5 31. Nf4 Bg5 32. Nd5 Rd8 33. f4 Bh4 34. Nb6
Kg7 35. b4 Rc6 36. Nd5 Rcd6 37. Ra5 Re8 38. Ra6 Rxa6 39. Bxa6 Nf6 40. Nxf6 Bxf6
41. Rb1 Bd8 42. Bc4 Re2+ 43. Kg1 Re7 44. Bd5 Bb6 45. Kf2 Kf6 46. Ra1 Re8 47. Rc1
Rb8 48. Rc6+ Kg7 49. Rd6 Bd8 50. Rd7 Kg6 51. Bxf7+ Kf5 52. Kf3 Bh4 53. Rxd4 Be7
54. Rc4 Rxb4 55. Re4 Kf6 56. Bc4 Rb6 57. Kg4 Bf8 58. d4 Rb1 59. Re6+ Kg7 60. Kf5
Rb4 61. Rc6 Ra4 62. Rc7+ Kh8 63. Kg6 1-0

[Event "POLFINALY MISTRZOSTW POLSKI JUNIOROW 2021 C-17"]
[Site "Jatrzebia Gora"]
[Date "1899-12-30"]
[Round "1.14"]
[White "Falc, Pawel"]
[Black "Krasniewski, Szymon"]
[Result "0-1"]
[WhiteTitle "II+"]
[BlackTitle "I"]
[WhiteElo "1493"]
[BlackElo "1821"]

1. e4 c5 2. Nc3 Nc6 3. g3 g6 4. Bg2 Bg7 5. f4 e6 6. Nf3 Nge7 7. O-O O-O 8. d3 d5
9. e5 Nf5 10. g4 Nfd4 11. Ne2 Nxf3+ 12. Rxf3 f6 13. exf6 Bxf6 14. Rh3 e5 15. f5
gxf5 16. g5 f4 17. gxf6 Bxh3 18. f7+ Rxf7 19. Bxh3 Kh8 20. Nc3 Qh4 21. Be6 Rg7+
22. Kh1 Qf2 23. Bxd5 Rag8 24. Bxf4 exf4 25. Qe1 Qxc2 26. Ne2 Re8 27. Be4 Rxe4
0-1

[Event "POLFINALY MISTRZOSTW POLSKI JUNIOROW 2021 C-17"]
[Site "Jatrzebia Gora"]
[Date "1899-12-30"]
[Round "1.15"]
[White "Dziendziel, Mateusz"]
[Black "Trela, Konrad"]
[Result "1-0"]
[WhiteTitle "I"]
[BlackTitle "II"]
[WhiteElo "1799"]
[BlackElo "1453"]

1. e4 c5 2. Nf3 g6 3. c3 Bg7 4. d4 cxd4 5. cxd4 d5 6. e5 Bg4 7. Bb5+ Nd7 8. O-O
Nh6 9. Nbd2 O-O 10. h3 Bxf3 11. Nxf3 e6 12. Bg5 f6 13. Bxd7 Qxd7 14. exf6 Rxf6
15. Bxf6 Bxf6 16. Re1 g5 17. Ne5 Qg7 18. Ng4 Nxg4 19. Qxg4 Bxd4 20. Qxe6+ Qf7
21. Qxf7+ Kxf7 22. Red1 Bxb2 23. Rab1 Bf6 24. Rxb7+ Ke6 25. Rxh7 d4 26. g3 Kd5
27. Rf7 Bh8 28. Rf5+ Ke4 29. Rxg5 Kf3 30. Kf1 Ke4 31. Ke2 1-0

[Event "POLFINALY MISTRZOSTW POLSKI JUNIOROW 2021 C-17"]
[Site "Jatrzebia Gora"]
[Date "1899-12-30"]
[Round "1.16"]
[White "Jedrzejczak, Michal"]
[Black "Skrzypczynski, Kacper"]
[Result "1-0"]
[WhiteTitle "II"]
[BlackTitle "I"]
[WhiteElo "1448"]
[BlackElo "1762"]

1. d4 Nf6 2. c4 g6 3. Nc3 Bg7 4. e4 d6 5. f3 O-O 6. Be3 Nbd7 7. Qd2 c5 8. Nge2
a6 9. dxc5 dxc5 10. Rd1 Qa5 11. Ng3 e6 12. h4 h5 13. Be2 Ne5 14. Bh6 Nc6 15. Bxg7
Kxg7 16. Qg5 Qb4 17. e5 Nh7 18. Nxh5+ Kg8 19. Nf6+ Kg7 20. Nxh7 Qxb2 21. Qf6+
Kxh7 22. h5 Qxc3+ 23. Kf1 1-0

[Event "POLFINALY MISTRZOSTW POLSKI JUNIOROW 2021 C-17"]
[Site "Jatrzebia Gora"]
[Date "1899-12-30"]
[Round "1.17"]
[White "Kossowski, Pawel"]
[Black "Wolny, Dawid"]
[Result "1-0"]
[WhiteTitle "I"]
[BlackTitle "II"]
[WhiteElo "1761"]
[BlackElo "1433"]

1. e4 c5 2. Nf3 e6 3. d4 cxd4 4. Nxd4 Nf6 5. Nc3 d6 6. Be2 Be7 7. f4 Nc6 8. Be3
a6 9. O-O O-O 10. Qe1 Qc7 11. Qg3 Rd8 12. Rad1 Bd7 13. f5 Nxd4 14. Bxd4 e5 15.
Be3 Bc6 16. Bf3 b5 17. a3 Qb7 18. Bh6 Bf8 19. Bg5 Be7 20. Bxf6 Bxf6 21. Nd5 Bxd5
22. Rxd5 Rac8 23. c3 Rc5 24. Rfd1 Rxd5 25. Rxd5 Qb6+ 26. Qf2 Rb8 27. Qxb6 Rxb6
28. Kf2 Bg5 29. Rd1 Kf8 30. Ke2 Ke7 31. Kd3 Kd7 32. b4 Kc7 33. a4 Kb7 34. Ra1
Bd8 35. Bd1 Kc6 36. Bb3 f6 37. Bd5+ Kd7 38. Kc2 Bc7 39. axb5 axb5 40. Kb3 Rb8
41. Ra7 g6 42. fxg6 hxg6 43. Bf7 Kc6 44. Ra2 g5 45. Rf2 Rh8 46. h3 Kd7 47. Bg6
Rf8 48. Bf5+ Kc6 49. Bg4 d5 50. exd5+ Kxd5 51. Bd7 e4 52. Bxb5 e3 53. Rf3 Ke4
54. Kc2 f5 55. Bc6+ Ke5 56. Rxe3+ Kd6 57. Bf3 Bb6 58. Rd3+ Ke5 59. c4 Bd4 60.
Kb3 Rb8 61. Ka4 Rb6 62. c5 Rb8 63. c6 Bb6 64. Rd5+ Ke6 65. Rd1 Bc7 66. b5 Ra8+
67. Kb4 Bd6+ 68. Rxd6+ Kxd6 69. c7 Rh8 70. b6 f4 71. Bg4 1-0

[Event "POLFINALY MISTRZOSTW POLSKI JUNIOROW 2021 C-17"]
[Site "Jatrzebia Gora"]
[Date "1899-12-30"]
[Round "1.18"]
[White "Mazonik, Oliwier"]
[Black "Kasprzak, Lukasz"]
[Result "0-1"]
[WhiteTitle "II"]
[BlackTitle "II+"]
[WhiteElo "1432"]
[BlackElo "1758"]

1. e4 c6 2. d4 d5 3. exd5 cxd5 4. Bd3 Nc6 5. c3 Nf6 6. h3 g6 7. Nf3 Bf5 8. O-O
Bxd3 9. Qxd3 Bg7 10. Bf4 O-O 11. Nbd2 a5 12. Rfe1 e6 13. Be5 a4 14. a3 Nxe5 15.
Nxe5 Qb6 16. Ndf3 Rfc8 17. Re2 Rc7 18. Rae1 Rac8 19. g3 Ne4 20. Qc2 Qa6 21. Nd3
Nxc3 22. bxc3 Rxc3 23. Nc5 Rxc2 24. Nxa6 bxa6 25. Rxc2 Rxc2 26. Re3 Bf8 27. Ne5
Bd6 28. Nd7 Ra2 29. Nf6+ Kf8 30. Rc3 Bxa3 31. Rc8+ Ke7 32. Ng8+ Kd6 33. Ra8 Bb2
34. Rxa6+ Kc7 35. Ra7+ Kb6 36. Rxf7 Bxd4 37. Nh6 Rxf2 0-1

[Event "POLFINALY MISTRZOSTW POLSKI JUNIOROW 2021 C-17"]
[Site "Jatrzebia Gora"]
[Date "1899-12-30"]
[Round "1.19"]
[White "Piechota, Kamil"]
[Black "Chybalski, Piotr"]
[Result "1-0"]
[WhiteTitle "I"]
[BlackTitle "II"]
[WhiteElo "1752"]
[BlackElo "1377"]

1. e4 c6 2. d4 d5 3. e5 c5 4. c3 Nc6 5. Nf3 Bg4 6. Bb5 cxd4 7. cxd4 Qb6 8. Nc3
e6 9. Be3 Bb4 10. Qa4 Bxc3+ 11. bxc3 Nge7 12. Nd2 O-O 13. f3 Bf5 14. g4 Bc2 15.
Qxc2 Qxb5 16. Rb1 Qa6 17. h4 Rac8 18. h5 Na5 19. h6 g6 20. Nb3 Nc4 21. Qc1 Nxe3
22. Qxe3 Qxa2 23. O-O b6 24. Qg5 f6 25. exf6 Nc6 26. f4 Qc2 27. f5 Qd3 28. Rb2
e5 29. Nc1 Qe4 30. Re2 Qb1 31. dxe5 Nxe5 32. Rxe5 Rxc3 33. Ne2 Qd3 34. f7+ Rxf7
35. Re8+ Rf8 36. Rxf8+ Kxf8 37. Qf6+ 1-0

[Event "POLFINALY MISTRZOSTW POLSKI JUNIOROW 2021 C-17"]
[Site "Jatrzebia Gora"]
[Date "1899-12-30"]
[Round "1.20"]
[White "Wolcyrz, Jakub"]
[Black "Owoc, Jakub"]
[Result "1/2-1/2"]
[WhiteTitle "II"]
[BlackTitle "I"]
[WhiteElo "1350"]
[BlackElo "1751"]

1. e4 c6 2. d4 d5 3. f3 e6 4. Nc3 Qb6 5. Qd3 Nf6 6. Nge2 Be7 7. Bd2 Na6 8. a3 O-O
9. O-O-O c5 10. e5 Nd7 11. f4 cxd4 12. Nxd4 Ndc5 13. Qh3 Bd7 14. f5 Na4 15. Nxa4
Qxd4 16. Bd3 exf5 17. Nc3 Qg4 18. Nxd5 Bc5 19. Qxg4 fxg4 20. Be3 Bxe3+ 21. Nxe3
Rad8 22. Bxa6 bxa6 23. Rd6 Bc8 24. Rhd1 Rde8 25. Nc4 f5 26. g3 f4 27. gxf4 Rxf4
28. R6d4 Rf2 29. R1d2 Rf1+ 30. Rd1 Rf3 31. Nd6 Rd8 32. Nxc8 Rxc8 33. Rxg4 Re3
34. Rd7 g6 35. Rg2 Re1+ 36. Kd2 Rxe5 37. c3 Rb8 38. b4 Ra8 39. Rf2 Rh5 40. Re2
a5 41. c4 Rh3 42. Rd3 Rh4 43. Kc3 axb4+ 44. axb4 a5 45. b5 Rc8 46. Rd4 Rh3+ 47.
Kb2 a4 48. Red2 Rb3+ 49. Ka2 Kg7 50. h4 1/2-1/2

[Event "POLFINALY MISTRZOSTW POLSKI JUNIOROW 2021 C-17"]
[Site "Jatrzebia Gora"]
[Date "1899-12-30"]
[Round "1.21"]
[White "Pieczulis, Blazej"]
[Black "Wleklik, Mateusz"]
[Result "1-0"]
[WhiteTitle "I"]
[BlackTitle "II"]
[WhiteElo "1726"]
[BlackElo "1341"]

1. e4 c5 2. Nc3 e6 3. Nf3 Nc6 4. Bb5 Qc7 5. O-O a6 6. Bxc6 Qxc6 7. d3 Nf6 8. Ne5
Qc7 9. f4 Be7 10. g4 d6 11. Nc4 h6 12. Qf3 Rf8 13. e5 Nd7 14. exd6 Bxd6 15. Nxd6+
Qxd6 16. Be3 Rb8 17. Ne4 Qc7 18. f5 e5 19. Rae1 b6 20. f6 g5 21. Bd2 Rh8 22. Bc3
Kd8 23. Qf5 Bb7 24. Rf2 Bd5 25. Ng3 Be6 26. Qe4 Rc8 27. h3 b5 28. a3 Qd6 29. Bxe5
Nxe5 30. Qxe5 Kd7 31. Nf5 Qxe5 32. Rxe5 c4 33. dxc4 Rxc4 34. Rd2+ Kc7 35. Ng7
Bxg4 36. hxg4 Rxg4+ 37. Rg2 Rd4 38. Re7+ Rd7 39. Rd2 Rhd8 40. Rde2 Kc6 41. Nf5
h5 42. Kg2 Rd2 43. c3 R8d5 44. Nd4+ 1-0

[Event "POLFINALY MISTRZOSTW POLSKI JUNIOROW 2021 C-17"]
[Site "Jatrzebia Gora"]
[Date "1899-12-30"]
[Round "1.22"]
[White "Bekier, Piotr"]
[Black "Wojciechowski, Franciszek"]
[Result "1-0"]
[WhiteTitle "II"]
[BlackTitle "I"]
[WhiteElo "1293"]
[BlackElo "1716"]

1. d4 d5 2. c4 c6 3. Nc3 Nf6 4. Nf3 dxc4 5. a4 Bf5 6. e3 e6 7. Nh4 Bg6 8. Nxg6
hxg6 9. Bxc4 Qc7 10. g3 Nbd7 11. e4 Bb4 12. Qc2 c5 13. Bd2 a6 14. d5 Nb6 15. Ba2
exd5 16. exd5 Qe5+ 17. Kf1 O-O 18. Bf4 Qh5 19. d6 Qf3 20. Kg1 Bxc3 21. Qxc3 Qxc3
22. bxc3 Nfd5 23. Rb1 Nxf4 24. Rxb6 Ne2+ 25. Kg2 Nxc3 26. Bb3 Rad8 27. f3 c4 28.
Bxc4 Nxa4 29. Rxb7 Rxd6 30. Ra1 Nc5 31. Rc7 Ne6 32. Ra7 Rd2+ 33. Kh3 Ng5+ 34.
Kg4 Rd4+ 35. Kxg5 Rxc4 36. R1xa6 Kh7 37. f4 f6+ 38. Kg4 Rb8 39. Re6 Rc2 40. Ree7
Rg8 41. h3 Kh6 42. Ra5 Rb8 43. Raa7 f5+ 44. Kh4 Rc4 45. Re6 Re4 46. Rd6 Kh7 1-0

[Event "POLFINALY MISTRZOSTW POLSKI JUNIOROW 2021 C-17"]
[Site "Jatrzebia Gora"]
[Date "1899-12-30"]
[Round "1.23"]
[White "Borkowski, Szymon"]
[Black "Komisarski, Jerzy"]
[Result "1-0"]
[WhiteTitle "I"]
[BlackTitle "II"]
[WhiteElo "1696"]
[BlackElo "1258"]

1. d4 Nf6 2. c4 c5 3. d5 g6 4. Nc3 d6 5. e4 b5 6. cxb5 Bg7 7. Nf3 O-O 8. h3 a6
9. bxa6 Bxa6 10. Bxa6 Nxa6 11. O-O Nd7 12. Bf4 Qb6 13. Qd2 Rfb8 14. Rab1 Nc7 15.
a3 Nb5 16. Ne2 c4 17. Be3 Qa6 18. Nfd4 Ne5 19. Nxb5 Rxb5 20. Bd4 Qb7 21. Qc2 Rb3
22. f4 Nd3 23. Bxg7 Kxg7 24. Qxc4 Nxb2 25. Qd4+ Kg8 26. Rf3 Raxa3 27. Nc1 Rb4
28. Rxb2 Rxd4 29. Rxb7 Rxf3 30. gxf3 Rd1+ 31. Kf2 Rxc1 32. Rxe7 Ra1 33. Rd7 Ra6
34. Rd8+ Kg7 35. e5 dxe5 36. fxe5 Ra3 37. Ke2 g5 38. d6 Ra5 39. Re8 Rd5 40. Ke3
f6 41. Ke4 Rd1 42. Kf5 fxe5 43. Ke6 e4 44. fxe4 1-0

[Event "POLFINALY MISTRZOSTW POLSKI JUNIOROW 2021 C-17"]
[Site "Jatrzebia Gora"]
[Date "1899-12-30"]
[Round "1.24"]
[White "Sliwa, Krzysztof"]
[Black "Lenart, Jakub"]
[Result "0-1"]
[WhiteTitle "II"]
[BlackTitle "I"]
[WhiteElo "1212"]
[BlackElo "1660"]

1. e4 c5 2. Nc3 a6 3. g3 b5 4. Bg2 Bb7 5. d3 e6 6. f4 Nf6 7. Nf3 d5 8. e5 d4 9.
exf6 dxc3 10. fxg7 Bxg7 11. b3 Nc6 12. O-O Nd4 13. Be3 Qc7 14. Rb1 O-O-O 15. a4
Rd7 16. Bxd4 Bxd4+ 17. Nxd4 Rxd4 18. axb5 axb5 19. Bxb7+ Qxb7 20. Qf3 Qxf3 21.
Rxf3 Kb7 22. Ra1 Ra8 23. Rxa8 Kxa8 24. Re3 Kb7 25. Kf1 Kc6 26. Ke1 Kd6 27. h4
h5 28. Re5 Rd5 29. Re4 Kc6 30. Ke2 Kd6 31. Kd1 Ke7 32. Ke2 Kf6 33. Kf3 Ke7 34.
Re5 f6 35. Re4 Kd6 36. Ke2 e5 37. f5 Kc6 38. g4 hxg4 39. Rxg4 e4 40. Rxe4 Rxf5
41. h5 Rxh5 42. Re6+ Kd5 43. Rxf6 Ke5 44. Rf2 Rh1 45. Rf1 Rh2+ 46. Rf2 Rh5 47.
Ke3 Kd5 48. Rf4 Re5+ 49. Re4 Rh5 50. Rf4 Ke5 51. Re4+ Kd6 52. Rf4 Rh6 53. Rf3
Ke5 54. Rf4 Rh1 55. Rf2 Re1+ 56. Re2 Rd1 57. Kf3+ Kd5 58. Ke3 c4 59. dxc4+ bxc4
60. bxc4+ Kxc4 61. Ke4 Kb4 62. Re3 Rd2 63. Rd3 Rxc2 64. Kd4 Rd2 0-1

[Event "POLFINALY MISTRZOSTW POLSKI JUNIOROW 2021 C-17"]
[Site "Jatrzebia Gora"]
[Date "1899-12-30"]
[Round "1.26"]
[White "Przybysz, Krzysztof"]
[Black "Galeziewski, Olaf"]
[Result "0-1"]
[WhiteTitle "II"]
[BlackTitle "II"]
[WhiteElo "1133"]
[BlackElo "1607"]

1. e4 c5 2. Nf3 e6 3. c4 Nc6 4. d4 cxd4 5. Nxd4 Nf6 6. Nc3 Bb4 7. Nxc6 bxc6 8.
Bd3 e5 9. O-O O-O 10. Bg5 h6 11. Bh4 Bc5 12. Kh1 d6 13. f3 g5 14. Bf2 Nh5 15.
Bxc5 dxc5 16. Ne2 Qb6 17. g4 Nf4 18. Nxf4 gxf4 19. Qe2 Rb8 20. b3 Rd8 21. Rg1
f6 22. h4 Qc7 23. Bc2 Qe7 24. Qf2 Kg7 25. a4 Be6 26. Rad1 Rd4 27. Rxd4 cxd4 28.
Rd1 Qa3 29. h5 Qb2 30. Kg2 Rb4 31. Rd2 Qc1 32. Qe2 Kf7 33. Qd1 Qa3 34. Qe2 Ke7
35. Bd1 Kd6 36. Ra2 Qc1 37. Rc2 Qe3 38. Qxe3 fxe3 39. Re2 Kc5 40. f4 exf4 41.
Bc2 Bxg4 42. Kf1 Bxe2+ 43. Kxe2 Rb8 44. Bd1 d3+ 45. Kxd3 Rd8+ 46. Ke2 Rxd1 47.
Kxd1 Kb4 48. Ke2 Kxb3 49. Kd3 Kxa4 0-1